Ephesians: (Record no. 5833)

000 -LEADER
fixed length control field 00635nam a2200181 a 4500
001 - CONTROL NUMBER
control field :::00003575$&:&@@
003 - CONTROL NUMBER IDENTIFIER
control field OkBaRHE
005 - DATE AND TIME OF LATEST TRANSACTION
control field 20000607103307.0
008 - FIXED-LENGTH DATA ELEMENTS--GENERAL INFORMATION
fixed length control field j 000 0 eng u
040 ## - CATALOGING SOURCE
Transcribing agency
100 1# - MAIN ENTRY--PERSONAL NAME
Personal name Meyer, F. B. (Frederick Brotherton), 1847-1929.
245 10 - TITLE STATEMENT
Title Ephesians:
Remainder of title "key-words of the inner life".
260 ## - PUBLICATION, DISTRIBUTION, ETC. (IMPRINT)
Place of publication, distribution, etc Fort Washington, PA., :
Name of publisher, distributor, etc Christian Literature Crusade
300 ## - PHYSICAL DESCRIPTION
Extent 115 p. ;
Dimensions 21 cm.
650 ## - SUBJECT ADDED ENTRY--TOPICAL TERM
Topical term or geographic name as entry element Bible
General subdivision New Testament Ephesians
-- Criticism, Interpretation, etc.
942 ## - ADDED ENTRY ELEMENTS (KOHA)
Source of classification or shelving scheme
Koha item type Books
Copies
Price effective from Source of classification or shelving scheme Shelving location Full call number Withdrawn status Barcode Lost status Date acquired Date last seen Damaged status Permanent Location Koha item type Not for loan Copy number
2010-04-14 General StacksBS 2695 .M4 3575 2010-04-142018-04-03 RHEMA Bible Training CollegeBooks 1